The solar system / (Record no. 1532)
[ view plain ]
| 000 -LEADER | |
|---|---|
| fixed length control field | 00608cam a2200193 a 4500 |
| 001 - CONTROL NUMBER | |
| control field | 12747267 |
| 005 - DATE AND TIME OF LATEST TRANSACTION | |
| control field | 20241125174131.0 |
| 008 - FIXED-LENGTH DATA ELEMENTS--GENERAL INFORMATION | |
| fixed length control field | 020418s2003 at a 001 0 eng |
| 020 ## - INTERNATIONAL STANDARD BOOK NUMBER | |
| International Standard Book Number | 9780534394493 |
| 050 00 - LIBRARY OF CONGRESS CALL NUMBER | |
| Classification number | QB501 |
| Item number | .S43 2003 |
| 082 00 - DEWEY DECIMAL CLASSIFICATION NUMBER | |
| Classification number | 523.2 |
| Edition information | 21 |
| 100 1# - MAIN ENTRY--PERSONAL NAME | |
| Personal name | Seeds, Michael A. |
| 245 14 - TITLE STATEMENT | |
| Title | The solar system / |
| Statement of responsibility, etc. | Michael A. Seeds. |
| 250 ## - EDITION STATEMENT | |
| Edition statement | 3rd ed. |
| 260 ## - PUBLICATION, DISTRIBUTION, ETC. | |
| Place of publication, distribution, etc. | Australia ; |
| -- | Pacific Grove, CA : |
| Name of publisher, distributor, etc. | Brooks/Cole Thomson Learning, |
| Date of publication, distribution, etc. | c2003. |
| 300 ## - PHYSICAL DESCRIPTION | |
| Extent | xx, 659 p. : |
| Other physical details | ill. (some col.) ; |
| Dimensions | 28 cm + |
| Accompanying material | 1 computer optical disc (4 3/4 in.) |
| 500 ## - GENERAL NOTE | |
| General note | Includes index. |
| 942 ## - ADDED ENTRY ELEMENTS (KOHA) | |
| Source of classification or shelving scheme | Library of Congress Classification |
| Koha item type | Books |
| Edition | 3rd ed. |
| Suppress in OPAC | No |
| 999 ## - | |
| -- | 1532 |
| -- | 1532 |
| Withdrawn status | Lost status | Source of classification or shelving scheme | Damaged status | Not for loan | Collection | Home library | Current library | Shelving location | Date acquired | Total checkouts | Full call number | Barcode | Date last seen | Copy number | Price effective from | Koha item type |
|---|---|---|---|---|---|---|---|---|---|---|---|---|---|---|---|---|
| Library of Congress Classification | Non-fiction | Science Library (Miotso) | Science Library (Miotso) | General stacks | 11/25/2024 | QB501 .S43 SEE | SLM00000814 | 11/25/2024 | 1 | 11/25/2024 | Books |